المعلوماتية والبحث العلمي / (رقم التسجيلة. 81884)
[ عرض عادي ]
| 000 -الفاتح | |
|---|---|
| حقل البيانات ثابتة الطول | 00872nam a22002297a 4500 |
| 003 - محدد رقم الضبط | |
| رقم الضبط | OSt |
| 005 - وقت وتاريخ اخر تعامل مع التسجيلة | |
| رقم الضبط | 20220829092422.0 |
| 008 - عناصر البيانات ثابتة الطول - معلومات عامة | |
| حقل البيانات ثابتة الطول | 220829b2014 jo ||||f |||| 00| 0 ara d |
| 020 ## - الرقم الدولى المعيارى للكتب | |
| الرقم الدولى المعيارى للكتاب | 9789957761776 |
| 040 ## - مصدر الفهرسة | |
| وكالة الفهرسة الأصلية | Ma-Un |
| وكالة النسخ | Ma-Un |
| 082 04 - رقم تصنيف ديوى العشرى | |
| رقم الطبعة | 21 |
| رقم التصنيف | 020.7 |
| رقم المادة | د ع م |
| 100 1# - المدخل الرئيسى - إسم شخصى | |
| الإسم الشخصى | الدليمي، عصام حسن أحمد |
| 245 12 - بيان العنوان | |
| العنوان | المعلوماتية والبحث العلمي / |
| بيان المسئوليه,etc | عصام حسن أحمد الدليمي، علي عبدالرحيم صالح. |
| 250 ## - بيان الطبعة | |
| بيان الطبعة | ط. 1. |
| 260 ## - PUBLICATION, DISTRIBUTION, ETC. (IMPRINT) | |
| مكان الناشر او الموزع | عمان، الأردن : |
| اسم الناشر او الموزع | دار الرضوان، |
| تاريخ النشر أو التوزيع | 2014 |
| تاريخ النشر هجري | 1435. |
| 300 ## - الوصف المادى | |
| التعداد | 208 ص. ؛ |
| أبعاد الوعاء | 24 سم. |
| 504 ## - تبصرة ببليوجرافية | |
| تبصرة ببليوجرافية,الخ | يشتمل على قائمة ببليوجرافية. |
| 650 #7 - المدخل الاضافى بالموضوع-مصطلح موضوعى | |
| مصطلح موضوعي أو اسم جغرافي كعنصر مدخل | المعلومات،علم |
| التقسيم الفرعي العام | مناهج بحث |
| 650 #7 - المدخل الاضافى بالموضوع-مصطلح موضوعى | |
| مصطلح موضوعي أو اسم جغرافي كعنصر مدخل | البحث العلمي |
| 700 1# - المدخل الاضافى - اسم شخصى | |
| الإسم الشخصى | صالح، علي عبدالرحيم |
| 952 ## - LOCATION AND ITEM INFORMATION (KOHA) | |
| نوع المادة فى نظام كوها | كتاب |
| 952 ## - LOCATION AND ITEM INFORMATION (KOHA) | |
| نوع المادة فى نظام كوها | كتاب |
| 952 ## - LOCATION AND ITEM INFORMATION (KOHA) | |
| نوع المادة فى نظام كوها | كتاب |
| 952 ## - LOCATION AND ITEM INFORMATION (KOHA) | |
| نوع المادة فى نظام كوها | كتاب |
| 952 ## - LOCATION AND ITEM INFORMATION (KOHA) | |
| نوع المادة فى نظام كوها | كتاب |
| 952 ## - LOCATION AND ITEM INFORMATION (KOHA) | |
| نوع المادة فى نظام كوها | كتاب |
| 952 ## - LOCATION AND ITEM INFORMATION (KOHA) | |
| نوع المادة فى نظام كوها | كتاب |
| 952 ## - LOCATION AND ITEM INFORMATION (KOHA) | |
| نوع المادة فى نظام كوها | كتاب |
| 952 ## - LOCATION AND ITEM INFORMATION (KOHA) | |
| نوع المادة فى نظام كوها | كتاب |
| 952 ## - LOCATION AND ITEM INFORMATION (KOHA) | |
| نوع المادة فى نظام كوها | كتاب |
| 952 ## - LOCATION AND ITEM INFORMATION (KOHA) | |
| نوع المادة فى نظام كوها | كتاب |
| 952 ## - LOCATION AND ITEM INFORMATION (KOHA) | |
| نوع المادة فى نظام كوها | كتاب |
| 952 ## - LOCATION AND ITEM INFORMATION (KOHA) | |
| نوع المادة فى نظام كوها | كتاب |
| 952 ## - LOCATION AND ITEM INFORMATION (KOHA) | |
| نوع المادة فى نظام كوها | كتاب |
| 952 ## - LOCATION AND ITEM INFORMATION (KOHA) | |
| نوع المادة فى نظام كوها | كتاب |
| 942 ## - | |
| -- | ddc |
| -- | BOOK |
| حالة الفقد | نموذج السعر الفعال | حالة تلف | ليس للاعارة | تاريخ الاكتساب | رقم الطلب | تاريخ الاكتساب | الموقع الحالي | الباركود | الفرع الرئيسي | Date last seen | مصدر التصنيف او خطة الترفيف | Total Checkouts |
|---|---|---|---|---|---|---|---|---|---|---|---|---|
| 2022-08-29 | Not For Loan | 2022-08-29 | 020.7 د ع م | 2022-08-29 | CL | 00191129 | المكتبة المركزية بالمجمعة (CL) | 2022-08-29 | Dewey Decimal Classification | |||
| 2022-08-29 | 2022-08-29 | 020.7 د ع م | 2022-08-29 | CL | 00191130 | المكتبة المركزية بالمجمعة (CL) | 2022-08-29 | Dewey Decimal Classification | ||||
| 2022-08-29 | 2022-08-29 | 020.7 د ع م | 2022-08-29 | CL | 00191128 | المكتبة المركزية بالمجمعة (CL) | 2022-08-29 | Dewey Decimal Classification | ||||
| 2022-08-29 | Not For Loan | 2022-08-29 | 020.7 د ع م | 2022-08-29 | IC | 00191131 | قسم الاجراءات الفنية (IC) | 2022-08-29 | Dewey Decimal Classification | |||
| 2022-08-29 | 2022-08-29 | 020.7 د ع م | 2022-08-29 | IC | 00191132 | قسم الاجراءات الفنية (IC) | 2022-12-05 | Dewey Decimal Classification | ||||
| 2022-08-29 | 2022-08-29 | 020.7 د ع م | 2022-08-29 | IC | 00191136 | قسم الاجراءات الفنية (IC) | 2022-08-29 | Dewey Decimal Classification | ||||
| 2022-08-29 | Not For Loan | 2022-08-29 | 020.7 د ع م | 2022-08-29 | IC | 00191139 | قسم الاجراءات الفنية (IC) | 2022-08-29 | Dewey Decimal Classification | |||
| 2022-08-29 | 2022-08-29 | 020.7 د ع م | 2022-08-29 | IC | 00191142 | قسم الاجراءات الفنية (IC) | 2022-08-29 | Dewey Decimal Classification | ||||
| 2022-08-29 | 2022-08-29 | 020.7 د ع م | 2022-08-29 | SGM | 00191140 | كلية الشريعة والقانون - طلاب | 2022-08-29 | Dewey Decimal Classification | ||||
| 2022-08-29 | Not For Loan | 2022-08-29 | 020.7 د ع م | 2022-08-29 | SHM | مكتبة كلية التمريض - طلاب (CNM) | 2022-08-29 | Dewey Decimal Classification | ||||
| 2022-08-29 | 2022-08-29 | 020.7 د ع م | 2022-08-29 | SHM | مكتبة كلية التمريض - طلاب (CNM) | 2022-08-29 | Dewey Decimal Classification | |||||
| 2022-08-29 | Not For Loan | 2022-08-29 | 020.7 د ع م | 2022-08-29 | SRF | 00191135 | مكتبة كلية العلوم و الدراسات الإنسانية برماح - طالبات (SRF) | 2022-08-29 | Dewey Decimal Classification | |||
| 2022-08-29 | Not For Loan | 2022-08-29 | 020.7 د ع م | 2022-08-29 | SRM | 00191137 | مكتبة كلية العلوم و الدراسات الإنسانية برماح - طلاب (SRM) | 2022-08-29 | Dewey Decimal Classification | |||
| 2022-08-29 | 2022-08-29 | 020.7 د ع م | 2022-08-29 | SRM | 00191138 | مكتبة كلية العلوم و الدراسات الإنسانية برماح - طلاب (SRM) | 2022-08-29 | Dewey Decimal Classification | ||||
| 2022-08-29 | Not For Loan | 2022-08-29 | 020.7 د ع م | 2022-08-29 | SZM | 00191141 | مكتبة مجمع الكليات بالزلفى - طلاب (SZM) | 2022-08-29 | Dewey Decimal Classification |
